Schooling the national imagination : (Record no. 31313)

MARC details
000 -LEADER
fixed length control field 01316cam a22003015a 4500
005 - DATE AND TIME OF LATEST TRANSACTION
control field 20091103014610.0
008 - FIXED-LENGTH DATA ELEMENTS--GENERAL INFORMATION
fixed length control field 091022s2009 ii b 001 0 eng
010 ## - LCCN (DPL NO)
LC control number ENG-95311
020 ## - INTERNATIONAL STANDARD BOOK NUMBER
International Standard Book Number 9780198062752
Terms of availability 575.00
020 ## - INTERNATIONAL STANDARD BOOK NUMBER
International Standard Book Number 0198062753
Terms of availability 575.00
035 ## - SYSTEM CONTROL NUMBER
System control number EN-78844
037 ## - SOURCE OF ACQUISITION
Source of stock number/acquisition DBAD/PUB
040 ## - CATALOGING SOURCE
Original cataloging agency DPL
082 ## - DEWEY DECIMAL CLASSIFICATION NUMBER
Classification number 488.00710954
100 ## - MAIN ENTRY--PERSONAL NAME
Personal name Advani, Shalini.
245 ## - TITLE STATEMENT
Title Schooling the national imagination :
Remainder of title education, English, and the Indian modern /
Statement of responsibility, etc by Shalini Advani.
260 ## - PUBLICATION, DISTRIBUTION, ETC. (IMPRINT)
Place of publication, distribution, etc New Delhi :
Name of publisher, distributor, etc Oxford University Press,
Date of publication, distribution, etc 2009.
300 ## - PHYSICAL DESCRIPTION
Extent x, 205 p. ;
Dimensions 23 cm.(Hb)
504 ## - BIBLIOGRAPHY, ETC. NOTE
Bibliography, etc Includes bibliographical references p. (180-200) and index.
650 ## - SUBJECT ADDED ENTRY--TOPICAL TERM
Topical term or geographic name as entry element English language
General subdivision Study and teaching
Geographic subdivision India
650 ## - SUBJECT ADDED ENTRY--TOPICAL TERM
Topical term or geographic name as entry element Education and state
Geographic subdivision India
856 ## - ELECTRONIC LOCATION AND ACCESS
Uniform Resource Identifier <a href="http://www.loc.gov/catdir/enhancements/fy1001/2009310540-b.html">http://www.loc.gov/catdir/enhancements/fy1001/2009310540-b.html</a>
856 ## - ELECTRONIC LOCATION AND ACCESS
Uniform Resource Identifier <a href="http://www.loc.gov/catdir/enhancements/fy1001/2009310540-d.html">http://www.loc.gov/catdir/enhancements/fy1001/2009310540-d.html</a>
856 ## - ELECTRONIC LOCATION AND ACCESS
Uniform Resource Identifier <a href="http://www.loc.gov/catdir/enhancements/fy1001/2009310540-t.html">http://www.loc.gov/catdir/enhancements/fy1001/2009310540-t.html</a>
942 ## - ADDED ENTRY ELEMENTS (KOHA)
Source of classification or shelving scheme Dewey Decimal Classification
Item type English Books
Call number suffix ADV
Classification part 488.00710954
Holdings
Withdrawn status Lost status Source of classification or shelving scheme Damaged status Not for loan Collection code Home library Current library Date acquired Source of acquisition Cost, normal purchase price Total Checkouts Full call number Barcode Date last seen Copy number Cost, replacement price Koha item type
    Dewey Decimal Classification   Not For Loan Non-fiction D.B.Act.Division D.B.Act.Division 04/11/2009 DBAD / PUB 575.00   488.00710954 ADV EN-78844 04/11/2009 1 575.00 English Books

© Delhi Public Library
Hit Counter
free hit counter